Výsledky workshopu na tému Rokovania o preferenčnej Dohode o transatlantickom obchodnom a investičnom partnerstve medzi EÚ a USA (Transatlantic trade and investment partnership – TTIP)

Guardado en:
Detalles Bibliográficos
Autor principal: Jamborová, Erika Mária
Formato: Capítulo de libro
Lenguaje:eslovaco
Materias:
Etiquetas: Agregar Etiqueta
Sin Etiquetas, Sea el primero en etiquetar este registro!

MARC

LEADER 00000nla a2200000 4500
001 0199365
005 20240502073355.9
041 0 |a slo 
044 |a SK 
245 1 0 |a Výsledky workshopu na tému Rokovania o preferenčnej Dohode o transatlantickom obchodnom a investičnom partnerstve medzi EÚ a USA (Transatlantic trade and investment partnership – TTIP)  |c Erika Mária Jamborová 
610 2 0 |a partnerstvo strategické 
610 2 0 |a spolupráca hospodárska medzinárodná 
610 2 0 |a investície 
610 2 0 |a dohody 
610 2 0 |a USA 
610 2 0 |a Európska únia 
100 1 |a Jamborová, Erika Mária